000 00759nam a22002177a 4500
003 0
005 20250116080558.0
008 160118b xxu||||| |||| 00| 0 eng d
050 _aPHS QH 605
_bM963 2015
100 _aMun, Ji Hyeon
245 _aThe effect of different species of Lactobacilli on Escherichia coli
_cMun, JiHyeon
260 _aLas PiƱas, Philippines :
_bSouthville International School and Colleges,
_c2015.
300 _aiii, 22 p. :
_bill. ;
_c28 cm.
504 _aIncludes bibliographical references.
650 _aMicrobial ecology.
650 _aBacteria
_vInteractions.
650 _aLactobacillus
_vPhysiology.
650 _aLactobacillus
_vAntagonistic activity.
650 _aEscherichia coli
_vMicrobiology.
942 _2lcc
_cPASS
999 _c290437
_d290437